| 000 | 00000nam##2200000za#4500 |
| 001 | 9.668470 |
| 003 | CaOODSP |
| 005 | 20210615124204 |
| 007 | ta |
| 008 | 150407|2007||||xxc||||| f|0| 0 fre|d |
| 020 | |a978-0-662-49896-4 |
| 040 | |aCaOODSP|bfre |
| 041 | |aeng |
| 041 | |afre |
| 043 | |an-cn--- |
| 086 | 1 |aHR21-21/2007 |
| 110 | 2 |aCommission canadienne des droits de la personne. |
| 245 | 10|aGuide de présélection et de sélection des employés |
| 260 | |aOttawa - Ontario : |bCommission canadienne des droits de la personne |c2007. |
| 300 | |aTexte français, 10p. : |btableaux ; |c28 cm. |
| 520 | 3 |aCe guide vise principalement à fournir des points de repère aux employeurs lorsqu'ils rencontrent des candidats à un emploi ou qu'ils embauchent du personnel, qu'il s'agisse de choisir un nouvel employé ou d'accorder de l'avancement à un employé déjà en place. |
| 563 | |aCouverture souple |
| 590 | |a08-08|b2008-02-22 |
| 691 | 07|aDotation|2gcpds |
| 691 | 07|aDemandeur|2gcpds |
| 691 | 07|aDroit du travail|2gcpds |
| 776 | 0#|tGuide de présélection et de sélection des employés |w(CaOODSP)9.633823 |
| 776 | 0#|tA guide to screening and selection in employment |w(CaOODSP)9.689411 |
| 791 | |tA guide to screening and selection in employment |eeng|w(CaOODSP)9.668469 |